Academic Journal of International Education Research

Guardado en:
Detalles Bibliográficos
Formato: Seriadas
Lenguaje:inglés
Publicado: Praha Academic Conferences Association
Etiquetas: Agregar Etiqueta
Sin Etiquetas, Sea el primero en etiquetar este registro!

MARC

LEADER 00000nls a2200000 4500
001 0291708
005 20240411124631.0
022 |a 2694-7803 
041 0 |a eng 
044 |a CZ 
245 1 0 |a Academic Journal of International Education Research 
264 1 |a Praha  |b Academic Conferences Association